Score 0/10 Timer 03:00
0 Plays Today
Question Answer Wrong Answers
A group of stars forming a recognizable pattern,
traditionally named after its apparent form
Constellation
98.2%
Confabulation
0.6%
Consternation
0.7%
Consideration
0.5%
An association of religious persons,
especially an establishment of nuns
Convent
96.5%
Conniption
0.9%
Confabulation
1.3%
Concertina
0.9%
A leader in the Spanish conquest of Mexico and Peru
in the 16th century
Conquistador
90.3%
Conquestor
6.3%
Convolvulus
1.2%
Contestant
0.5%
An opinion or conclusion formed on
the basis of incomplete information
Conjecture
88.7%
Conjuring
2.5%
Congestion
1.6%
Concoction
3.7%
To engage in conversation
or chat informally
Confabulate
86.6%
Congratulate
1.5%
Conceptualize
5.2%
Condone
2.4%
A type of rice porridge or gruel
popular in many Asian countries
Congee
84.7%
Conjure
1.9%
Conker
5.4%
Conserve
4%
A musical instrument resembling an accordion
with buttonlike keys and hexagonal bellows
Concertina
78.4%
Concerto
12.6%
Concentric
1.7%
Conceptor
6.2%
Geometry term referring to shapes (often circles)
that share the same center or axis
Concentric
77.5%
Conical
15.4%
Concomitant
1.2%
Concubine
1.3%
The hard, shiny, dark brown nut
of a horse chestnut tree
Conker
56.5%
Congee
4.1%
Conifer
33%
Conniption
1.5%
A sometimes weed-like species of flowering plant,
often called 'Bindweed' or 'Morning Glory'
Convolvulus
45%
Convivium
46.6%
Confetti
2%
Concertina
3.6%
Remove Ads.
Support Sporcle.
Get the best of Sporcle when you Go Orange. This ad-free experience offers more features, more stats, and more fun while also helping to support Sporcle. Thank you for becoming a member.

You're not logged in!

Compare scores with friends on all Sporcle quizzes.
OR
Log In

Show Comments

Extras

Top Quizzes Today


Score Distribution

Your Account Isn't Verified!

In order to create a playlist on Sporcle, you need to verify the email address you used during registration. Go to your Sporcle Settings to finish the process.

Report this User

Report this user for behavior that violates our Community Guidelines.

Details: